[Event "FRA-ch U18"]
[Site "Agen"]
[Date "2024.04.15"]
[Round "2"]
[White "Boumrar, Ayrad"]
[Black "Arousstamian, Albert"]
[Result "1-0"]
[WhiteElo "2191"]
[BlackElo "1937"]
[PlyCount "93"]
[EventDate "2024.04.14"]
[EventType "swiss"]
[EventRounds "9"]
[EventCountry "FRA"]
[SourceTitle "EXT 2025"]
[Source "ChessBase"]
[SourceDate "2024.10.14"]
[SourceVersion "1"]
[SourceVersionDate "2024.10.14"]
[SourceQuality "1"]

1. d4 d5 2. c4 e6 3. Nf3 Nf6 4. g3 dxc4 5. Bg2 Nc6 6. 0-0 Rb8 7. Nc3 b5 8. Ne5 Nxe5 9. dxe5 Nd7 10. Qc2 b4 11. Na4 b3 12. Qc3 Bb4 13. Qxc4 Nxe5 14. Qxb3 Bd7 15. Qc2 0-0 16. Bf4 Bd6 17. Nc5 Bc6 18. Bxe5 Bxg2 19. Bxd6 cxd6 20. Nxe6 Qc8 21. Qxc8 Rfxc8 22. Kxg2 fxe6 23. b3 Rc2 24. e3 Rbc8 25. a4 a5 26. Rab1 Rb8 27. Rfc1 Rxc1 28. Rxc1 Rxb3 29. Rc6 Rb4 30. Rxd6 e5 31. Rd5 Rxa4 32. Rxe5 Ra1 33. Re7 a4 34. Ra7 a3 35. e4 a2 36. Kf3 h6 37. h4 h5 38. Kf4 Kh7 39. Kg5 Re1 40. Rxa2 Rxe4 41. Kxh5 Rb4 42. f4 Rb3 43. Kg4 g6 44. Ra5 Kh6 45. h5 gxh5+ 46. Rxh5+ Kg6 47. Ra5 1-0